| 000 | 00516cam a2200169 4500 | ||
|---|---|---|---|
| 001 | D12183 | ||
| 008 | 090401t1903 xxu||||| |||| 00| 0 eng d | ||
| 035 | _a(Sirsi) u94072 | ||
| 041 | _aeng | ||
| 100 | _aBooth, Charles | ||
| 245 | _aLife and labour of the people in London. 2nd series: Industry 2. Precious metals,watches,instruments, paper and printing trades,textiles and sundry manufacturers | ||
| 260 |
_aLondon _bMacMillan _c1903 |
||
| 350 | _a0 | ||
| 520 | _aShelf 151 | ||
| 942 | _n0 | ||
| 948 | _c04/03/1997 | ||
| 999 |
_c97896 _d97896 |
||